GrubSon - "O.R.S." tytuły piosenek - Statystyki

Ogólne statystyki
  • Ten quiz został rozwiązany 58 razy
  • Średni wynik to 4 z 18
Statystyki odpowiedzi
Numer na płycie Tytuł % Poprawnych
05 Na szczycie
93%
02 Nowa fala
55%
03 Śpiesz się powoli
35%
01 O.R.S. / Początek
31%
12 Biba
29%
06 One
24%
04 Nie ma nic
20%
07 Nie nie nie
16%
10 Ruffneck
16%
11 Kiedy byłem
15%
09 Siebie mi daj
15%
16 Jak wczoraj
13%
17 Koniec
13%
15 Niematojak
11%
18 Nowa fala remix
11%
13 Przestań się bać
11%
14 Bo to Polska
9%
08 Moc
9%
Nie znaleziono quizów pasujących do podanych kryteriów
Rozkład punktacji
Procent ludzi z każdym wynikiem
Percentyl według liczby udzielonych odpowiedzi
Twoja historia wyników
Nie rozwiązałeś tego quizu